02451agaaa2200361 45000010005000000030009000050050017000140070009000310080040000400400023000800410013001031000053001161300024001692400028001932450142002212460021003632500022003842600099004063000035005055080172005405110092007125200615008045380009014195460013014286500074014417000063015157000078015787000059016567000065017159420012017809990019017929520278018110721IT-RoPAU20220918181239.0d cvaizq50131s9999||||xx ||| | || ||und|| aIT-RoPAUcIT-RoPAU aITALIANO aWilder BillygCodice regista SPICS: 11213944413 aPRIMA PAGINA944414 aFRONT PAGE (THE)gT2601 aPRIMA PAGINAcSceneggiatura: Wilder Billy Diamond J.A.L. -- Diretto da: Wilder BillypPRIMA PAGINA (Rif. Codice opera principale : V0721) aFRONT PAGE (THE) aEdizione Standard a(USA)bUNIVERSAL / Distribuzione: SPF FIRENZEg"1974 (1° ed.: 1993 ; Ed. Lingua Orig.: 1974)" a16MMbsonoro, col.c105 minuti a"Fotografia: Cronenweth Jordan S.; Montaggio: Winters Ralph; Musica: May Billy; Sceneggiatura: Wilder Billy Diamond J.A.L.; Soggetto: Hecht Ben -- Mac Harthur Charles" a"Lemmon Jack; Matthau Walter; Sarandon Susan; Gardenia Vincent; Wayne David; Burnett C" aCHICAGO ANNI TRENTA UN GIORNALISTA STA PER SPOSARSI E PER RITIRARSI DAL MESTIERE MA UN AVVENIMENTO DI GRANDE RICHIAMO RICHIEDEREBBE DI NUOVO IL SUO INTERVENTO PROFESSIONALE. E' SCAPPATO UN CONDANNATO A MORTE UN ANARCHICO A SUO MODO CANDIDO E IDEALISTA DEL CUI CASO IL PROTAGONISTA SI E' A SUO TEMPO INTERESSATO. IL TERRIBILE DIRETTORE DEL GIORNALE INVENTA TRUCCHI DI OGNI GENERE PER CONVINCERE IL GIORNALISTA A RIPRENDERE IL SUO POSTO. QUANDO FINALMENTE QUEST'ULTIMO SI FARA' PERSUADERE RENDERA' PUBBLICHE TUTTE LE MANOVRE ELETTORALI CHE STANNO ALLA BASE DELLA VICENDA. FILM A COLORI. PELLICOLA IN BUONO STATO. aMONO aITALIANO aCOMMEDIAePELLICOLE CINEMA [16 MM]xCodice MATERIA SPICS: 9955944415 aHecht Ben e(soggetto)gCodice Soggetto SPICS: 9138944416 aMac Harthur Charles e(soggetto)gCodice Soggetto 2° SPICS: 38741944417 aMay Billye(musica)gCodice Musica SPICS: 38742944418 aWilder Billy e(regista)gCodice regista SPICS: 11213944419 cMM2ddc c105974d105974 0010406V_0721_00000000000000071aSPICSbSPICSd2015-01-31l0oV0721r2015-01-31 00:00:00w2015-01-31yMMzProgr. Ins.: 944 / N.Vol.:2 / Copie: 1 / Pag.:0 / Copia rara: n.d. / date import: 1.2.2015 / By Epidotti, Trombetti, Vaglietti - CUSTODITA PRESSO FILMOTECA VATICANA